Central Library OPAC University of Rajshahi

Growing exotic forests / (Record no. 68359)

MARC details
000 -LEADER
fixed length control field 00794nam a2200265 a 4500
001 - CONTROL NUMBER
control field 68359
003 - CONTROL NUMBER IDENTIFIER
rucl marc code BD-RjUL
005 - DATE AND TIME OF LATEST TRANSACTION
control field 20211209081747.0
008 - FIXED-LENGTH DATA ELEMENTS--GENERAL INFORMATION
fixed length control field 870217s1987 nyua b 001 0 eng
020 ## - INTERNATIONAL STANDARD BOOK NUMBER
International Standard Book Number 0471809152
035 ## - SYSTEM CONTROL NUMBER
System control number (BD-RjUL)68569
040 ## - CATALOGING SOURCE
Original cataloging agency DLC
Transcribing agency DLC
Modifying agency DLC
-- BD-RjUL
Language of cataloging eng
041 ## - LANGUAGE CODE
Language code of text/sound track or separate title eng
082 00 - DEWEY DECIMAL CLASSIFICATION NUMBER
Edition number 23
Classification number 634.9
Author mark and year ZOG 1987
100 1# - MAIN ENTRY--PERSONAL NAME
Personal name Zobel, Bruce
Dates associated with a name 1920-
9 (RLIN) 202664
245 10 - TITLE STATEMENT
Title Growing exotic forests /
Statement of responsibility, etc. Bruce J. Zobel, Gerrit van Wyk, Per Stahl.
260 ## - PUBLICATION, DISTRIBUTION, ETC. (IMPRINT)
Place of publication, distribution, etc. New York :
Name of publisher, distributor, etc. Wiley,
Date of publication, distribution, etc. c1987.
300 ## - PHYSICAL DESCRIPTION
Pagination xx, 508 p. :
Illustrations ill. ;
Size 24 cm.
504 ## - BIBLIOGRAPHY, ETC. NOTE
Bibliography, etc Includes Bibliography: p. 413-485 and indexes
650 #0 - SUBJECT ADDED ENTRY--TOPICAL TERM
Topical term or geographic name as entry element Exotic forestry.
9 (RLIN) 202665
Topical term or geographic name as entry element Exotic forests.
9 (RLIN) 202666
700 1# - ADDED ENTRY--PERSONAL NAME
Personal name Van Wyk, Gerrit.
Personal name Stahl, Per.
942 ## - ADDED ENTRY ELEMENTS (KOHA)
Source of classification or shelving scheme Dewey Decimal Classification
Koha item type Books
Holdings
Lost status Source of classification or shelving scheme Damaged status Not for loan Collection code Permanent Location Current Location Shelving location Date acquired Source of acquisition Cost, normal purchase price Total Checkouts Full call number Date last seen Copy number Koha item type
  Dewey Decimal Classification   Not For Loan Non-fiction Central Library, University of Rajshahi Central Library, University of Rajshahi Reading Room 01/06/1991 Asia Foundation 0.00   634.9 ZOG 1987 02/04/2017 C-1 Books